| 000 | 01352nam a2200217Ia 4500 | ||
|---|---|---|---|
| 003 | Ost | ||
| 005 | 20260507075154.0 | ||
| 008 | 260507s9999||||xx |||||||||||||| ||und|| | ||
| 040 | _cfsecg | ||
| 041 | _aara | ||
| 082 | _a330 | ||
| 100 |
_aالجوهري، محمد محمود _eمؤلف |
||
| 245 | 0 |
_aعلم اجتماع التنمية / _c محمد محمود الجوهري |
|
| 260 |
_aعمان: _bدار المسيرة, _c2010 |
||
| 300 |
_a423 صفحة؛ _c24 سم |
||
| 520 | _aالبلاد النامية في العالم المعاصر ،القضايا الاساسية لعلم الاجتماع ،التغيير الثقافي و الدينامية الاجتماعية ، العلاقة بين التغيير الثقافي و المجتمع ، التنمية ( التحديث) بين كارل ماركس و ماكس فيبر ، اتجاه النماذج أو المؤشرات ، الاتجاه التطوري المحدث ، الاتجاه الانتشاري ، الاتجاه السيكولوجي أو السلوكي ، اتجاه المكانة الدولية و الاتجاه الماركسي الجديد و اخيرا المفاهيم و الأساسية في دراسة التنمية | ||
| 653 | _aالتنمية | ||
| 653 | _aعلم اجتماع- التنمية | ||
| 653 | _aعلم الإجتماع | ||
| 942 | _cكتاب | ||
| 999 |
_c43362 _d43362 |
||